[Event "Titled Tuesday intern op 11th Feb Early"]
[Site "Chess.com INT"]
[Date "2025.02.11"]
[Round "4"]
[White "Jimenez Almeida, Luis David"]
[Black "Janik, Igor"]
[Result "0-1"]
[WhiteElo "2203"]
[BlackElo "2521"]
[PlyCount "70"]
[EventDate "2025.02.11"]
[EventType "swiss (blitz)"]
[EventRounds "11"]
[EventCountry "USA"]
[SourceTitle "CB09_2025"]
[SourceDate "2025.02.27"]
[SourceVersion "1"]
[SourceVersionDate "2025.02.27"]
[SourceQuality "1"]

1. e4 c5 2. Nc3 Nc6 3. g3 g6 4. Bg2 Bg7 5. d3 d6 6. Be3 Nf6 7. h3 0-0 8. Nge2 Rb8 9. Qd2 b5 10. a3 a5 11. 0-0 b4 12. axb4 axb4 13. Na4 Nd7 14. d4 cxd4 15. Nxd4 Bb7 16. c3 Na5 17. Qe2 bxc3 18. Nxc3 Ra8 19. Rfd1 Ba6 20. Qc2 Nc4 21. Bg5 Qb6 22. Nce2 Rfc8 23. Qb1 Nxb2 24. Rd2 Bxe2 25. Nxe2 Rxa1 26. Qxa1 Nc4 27. Rd4 Bxd4 28. Nxd4 Nf6 29. Kh2 Qa5 30. Qb1 Qxg5 31. Qb7 Re8 32. f4 Qc5 33. Nf3 Qf2 34. e5 Ne3 35. Ng5 dxe5 0-1

[Event "Titled Tuesday intern op 11th Feb Early"]
[Site "Chess.com INT"]
[Date "2025.02.11"]
[Round "8"]
[White "Jimenez Almeida, Luis David"]
[Black "Rey Martinez, Jaime"]
[Result "0-1"]
[WhiteElo "2203"]
[BlackElo "2302"]
[PlyCount "90"]
[EventDate "2025.02.11"]
[EventType "swiss (blitz)"]
[EventRounds "11"]
[EventCountry "USA"]
[SourceTitle "CB09_2025"]
[SourceDate "2025.02.27"]
[SourceVersion "1"]
[SourceVersionDate "2025.02.27"]
[SourceQuality "1"]

1. e4 c5 2. Nc3 a6 3. g3 b5 4. Bg2 Bb7 5. d3 g6 6. Nh3 Bg7 7. 0-0 d6 8. f4 Nf6 9. f5 Qc8 10. Be3 Nbd7 11. Qe2 Ne5 12. Kh1 0-0 13. Rae1 b4 14. Nd1 a5 15. Bf4 Nfd7 16. Ne3 Nb6 17. Ng4 Nxg4 18. Qxg4 c4 19. Qh4 f6 20. Bh6 Nd7 21. d4 g5 22. Bxg5 fxg5 23. Nxg5 Nf6 24. e5 Bxg2+ 25. Kxg2 h6 26. Ne6 Qc6+ 27. Kg1 dxe5 28. dxe5 Qb6+ 29. Rf2 Rf7 30. exf6 Bxf6 31. Qg4+ Kh8 32. Qg6 Rh7 33. Kg2 Rg8 34. Qh5 Bg5 35. Qf3 Bf6 36. c3 Rc8 37. Re4 a4 38. Rd2 a3 39. bxa3 bxc3 40. Rde2 Qb1 41. Nf4 c2 42. Ng6+ Kg8 43. Rxc4 c1Q 44. Qd5+ Rf7 45. Rxe7 Qf1# 0-1

[Event "Titled Tuesday intern op 24th Sep Late"]
[Site "Chess.com INT"]
[Date "2024.09.24"]
[Round "1"]
[White "Popov, Konstantin"]
[Black "Jimenez Almeida, Luis David"]
[Result "1-0"]
[WhiteElo "2376"]
[BlackElo "2246"]
[PlyCount "83"]
[EventDate "2024.09.24"]
[EventType "swiss (blitz)"]
[EventRounds "11"]
[EventCountry "USA"]
[SourceTitle "EXT 2025"]
[Source "ChessBase"]
[SourceDate "2024.10.14"]
[SourceVersion "1"]
[SourceVersionDate "2024.10.14"]
[SourceQuality "1"]

1. e4 g6 2. d4 Bg7 3. Nc3 c6 4. Bc4 b5 5. Bb3 b4 6. Nce2 d6 7. a3 Nf6 8. Ng3 bxa3 9. Rxa3 0-0 10. Nf3 a5 11. 0-0 Na6 12. h3 Nc7 13. c4 Ne6 14. Bd2 Qb6 15. Bc3 c5 16. d5 Nf4 17. Re1 e5 18. Bc2 Bd7 19. Qa1 Qd8 20. Rxa5 Rxa5 21. Qxa5 Qc8 22. Qb6 Bxh3 23. Qc6 Qg4 24. Nh2 Qh4 25. Bd2 Nxg2 26. Qxd6 Nxe1 27. Bxe1 Nh5 28. Qxc5 Nxg3 29. fxg3 Qf6 30. Qf2 Qa6 31. Bd3 f5 32. exf5 gxf5 33. Bf1 Bxf1 34. Qxf1 e4 35. c5 Qa2 36. d6 Qxb2 37. Bf2 Bd4 38. Qe1 Bxf2+ 39. Qxf2 Qc1+ 40. Kg2 e3 41. Qf4 Qxc5 42. Qg5+ 1-0

[Event "Titled Tuesday intern op 13th Aug Early"]
[Site "Chess.com INT"]
[Date "2024.08.13"]
[Round "2"]
[White "Jimenez Almeida, Luis David"]
[Black "Postny, Evgeny"]
[Result "0-1"]
[WhiteElo "2206"]
[BlackElo "2577"]
[PlyCount "28"]
[EventDate "2024.08.13"]
[EventType "swiss (blitz)"]
[EventRounds "11"]
[EventCountry "USA"]
[SourceTitle "EXT 2025"]
[Source "ChessBase"]
[SourceDate "2024.10.14"]
[SourceVersion "1"]
[SourceVersionDate "2024.10.14"]
[SourceQuality "1"]

1. e4 e6 2. d4 d5 3. e5 c5 4. c3 Bd7 5. Nf3 Nc6 6. a3 a5 7. Bd3 a4 8. Be3 Qb6 9. Qd2 Na5 10. dxc5 Bxc5 11. Bxc5 Qxc5 12. Qe2 Nb3 13. Ra2 Nc1 14. Qd2 Nxa2 0-1

[Event "Oviedo op 10th"]
[Site "Oviedo"]
[Date "2024.08.11"]
[Round "9"]
[White "Jimenez Almeida, Luis David"]
[Black "Aguera Naredo, Javier"]
[Result "1/2-1/2"]
[WhiteElo "2206"]
[BlackElo "2323"]
[PlyCount "63"]
[EventDate "2024.08.05"]
[EventType "swiss"]
[EventRounds "9"]
[EventCountry "ESP"]
[SourceTitle "CBM 221 Extra"]
[Source "ChessBase"]
[SourceDate "2024.09.30"]
[SourceVersion "1"]
[SourceVersionDate "2024.09.30"]
[SourceQuality "1"]

1. e4 Nf6 2. e5 Nd5 3. d4 d6 4. c4 Nb6 5. exd6 cxd6 6. Nc3 g6 7. Nf3 Bg4 8. Be2 Bg7 9. Be3 0-0 10. b3 Nc6 11. 0-0 d5 12. c5 Nd7 13. b4 Nxb4 14. Qb3 Nc6 15. Qxb7 Rc8 16. Nb5 Ndb8 17. Nxa7 Rc7 18. Nxc6 Nxc6 19. Qb3 Bxf3 20. Bxf3 Nxd4 21. Bxd4 Bxd4 22. Rad1 e5 23. Qxd5 Qxd5 24. Bxd5 Rxc5 25. Bb3 Rfc8 26. g3 Kg7 27. Kg2 R8c7 28. Rfe1 f5 29. Re2 Rc1 30. Rxc1 Rxc1 31. Rc2 Rxc2 32. Bxc2 1/2-1/2

[Event "Oviedo op 10th"]
[Site "Oviedo"]
[Date "2024.08.09"]
[Round "7"]
[White "Jimenez Almeida, Luis David"]
[Black "Lopez Varela, Pablo"]
[Result "0-1"]
[WhiteElo "2206"]
[BlackElo "2362"]
[PlyCount "98"]
[EventDate "2024.08.05"]
[EventType "swiss"]
[EventRounds "9"]
[EventCountry "ESP"]
[SourceTitle "CBM 221 Extra"]
[Source "ChessBase"]
[SourceDate "2024.09.30"]
[SourceVersion "1"]
[SourceVersionDate "2024.09.30"]
[SourceQuality "1"]

1. d4 g6 2. c4 d6 3. Nc3 Nf6 4. e4 Bg7 5. Be2 0-0 6. Nf3 e5 7. d5 a5 8. 0-0 Na6 9. Qc2 Bd7 10. b3 Ne8 11. a3 f5 12. Ng5 Nc5 13. exf5 gxf5 14. f4 a4 15. bxa4 h6 16. Nh3 e4 17. Bb2 Kh8 18. Nf2 Rg8 19. Kh1 Kh7 20. Nfd1 Nxa4 21. Nxa4 Bxa4 22. Qd2 Bxd1 23. Rfxd1 b6 24. Rg1 Bxb2 25. Qxb2 Nf6 26. a4 Ra5 27. Ra3 Qe7 28. Qd2 Nd7 29. Qe3 Qh4 30. g3 Qh3 31. Qd4 Nc5 32. Re3 Rxa4 33. g4 Qh4 34. Reg3 Raa8 35. gxf5 Rxg3 36. Rxg3 Rg8 37. Rxg8 Kxg8 38. Qg1+ Kf8 39. Qg3 Qxg3 40. hxg3 Na4 41. Kg2 Nc3 42. Bh5 e3 43. g4 b5 44. g5 hxg5 45. fxg5 b4 46. f6 Ne4 47. Bd1 Nxg5 48. Bc2 Kf7 49. Kf1 Nf3 0-1

[Event "Oviedo op 10th"]
[Site "Oviedo"]
[Date "2024.08.08"]
[Round "6"]
[White "Bernabeu Lopez, Carlos Javier"]
[Black "Jimenez Almeida, Luis David"]
[Result "1/2-1/2"]
[WhiteElo "2413"]
[BlackElo "2206"]
[PlyCount "63"]
[EventDate "2024.08.05"]
[EventType "swiss"]
[EventRounds "9"]
[EventCountry "ESP"]
[SourceTitle "CBM 221 Extra"]
[Source "ChessBase"]
[SourceDate "2024.09.30"]
[SourceVersion "1"]
[SourceVersionDate "2024.09.30"]
[SourceQuality "1"]

1. Nf3 Nf6 2. c4 b6 3. g3 c5 4. Bg2 Bb7 5. 0-0 e6 6. Nc3 Be7 7. d4 cxd4 8. Qxd4 d6 9. Rd1 0-0 10. b3 Nbd7 11. Bb2 a6 12. Rac1 Rc8 13. Nd2 Bxg2 14. Kxg2 Rc6 15. Kg1 Qb8 16. Nce4 Rd8 17. Qd3 Rcc8 18. Nf3 Nxe4 19. Qxe4 Nf6 20. Qd3 Qb7 21. Ng5 h6 22. Bxf6 Bxf6 23. Ne4 Be7 24. Nc3 Bf6 25. Ne4 Be7 26. Qf3 Qa8 27. a4 d5 28. cxd5 Rxc1 29. Rxc1 Qxd5 30. Rc7 Rd7 31. Rxd7 Qxd7 32. g4 1/2-1/2

[Event "Oviedo op 10th"]
[Site "Oviedo"]
[Date "2024.08.07"]
[Round "4"]
[White "Jimenez Almeida, Luis David"]
[Black "Ladron de Guevara Pinto, Paolo"]
[Result "1/2-1/2"]
[WhiteElo "2206"]
[BlackElo "2375"]
[PlyCount "202"]
[EventDate "2024.08.05"]
[EventType "swiss"]
[EventRounds "9"]
[EventCountry "ESP"]
[SourceTitle "CBM 221 Extra"]
[Source "ChessBase"]
[SourceDate "2024.09.30"]
[SourceVersion "1"]
[SourceVersionDate "2024.09.30"]
[SourceQuality "1"]

1. d4 d5 2. Nf3 Nf6 3. c4 e6 4. g3 Be7 5. Bg2 Ne4 6. 0-0 f5 7. Nc3 c6 8. Qc2 Nd7 9. Rb1 a5 10. a3 Nd6 11. c5 Nf7 12. b4 axb4 13. axb4 0-0 14. Rd1 Bf6 15. b5 Qe7 16. Bb2 g6 17. e3 Kg7 18. Ra1 Rxa1 19. Rxa1 e5 20. dxe5 Nfxe5 21. Nd4 Nc4 22. bxc6 bxc6 23. Nxc6 Qxc5 24. Nd4 Ndb6 25. Nce2 Kg8 26. Bc3 Qe7 27. Qb3 Be6 28. Bb4 Qd7 29. Bxf8 Kxf8 30. Ra6 Bd8 31. Qb5 Qxb5 32. Nxb5 Bf7 33. Ned4 Bf6 34. Ra7 h6 35. Rb7 Be5 36. Nc6 Bf6 37. Nbd4 Bg8 38. h4 h5 39. Nf3 Na4 40. Ng5 Nd6 41. Rb8+ Kg7 42. Nf3 Nc5 43. Nfd4 Nde4 44. Ra8 Nd3 45. Ra7+ Kf8 46. Bxe4 dxe4 47. Ne2 Bc4 48. Nf4 Nxf4 49. exf4 Bf7 50. Ne5 Be8 51. Nd7+ Bxd7 52. Rxd7 Be7 53. Kf1 Kf7 54. Ke2 Ke6 55. Rb7 Bc5 56. f3 exf3+ 57. Kxf3 Bd4 58. Rb8 Bc5 59. Ke2 Bd4 60. Rg8 Kf7 61. Rd8 Bc5 62. Rd3 Ke6 63. Kd2 Bb4+ 64. Kc2 Ba5 65. Kb3 Bb6 66. Kc4 Bf2 67. Kb5 Ba7 68. Rd2 Bg1 69. Kc6 Kf7 70. Kd7 Be3 71. Re2 Bc5 72. Rc2 Bb4 73. Rb2 Bc3 74. Rb3 Bd4 75. Kd6 Ba1 76. Rb1 Bc3 77. Kd5 Ke7 78. Rb6 Kf7 79. Kd6 Kf6 80. Kd7+ Kf7 81. Rb7 Bd4 82. Kd8+ Kf8 83. Rd7 Bf2 84. Rd3 Kf7 85. Kd7 Bc5 86. Kc6 Bf8 87. Rd7+ Ke6 88. Rd8 Bb4 89. Rd3 Bf8 90. Re3+ Kf7 91. Kd5 Bg7 92. Rb3 Ba1 93. Rb7+ Kf6 94. Rh7 Bc3 95. Rb7 Ba1 96. Ra7 Bb2 97. Ra6+ Kf7 98. Ra2 Bc3 99. Ra7+ Kf6 100. Ra6+ Kf7 101. Ra7+ Kf6 1/2-1/2

[Event "Titled Tuesday intern op 30th Jul Early"]
[Site "Chess.com INT"]
[Date "2024.07.30"]
[Round "8"]
[White "Bogdanov, Artyom"]
[Black "Jimenez Almeida, Luis David"]
[Result "1-0"]
[WhiteElo "2284"]
[BlackElo "2206"]
[PlyCount "49"]
[EventDate "2024.07.30"]
[EventType "swiss (blitz)"]
[EventRounds "11"]
[EventCountry "USA"]
[SourceTitle "EXT 2025"]
[Source "ChessBase"]
[SourceDate "2024.10.14"]
[SourceVersion "1"]
[SourceVersionDate "2024.10.14"]
[SourceQuality "1"]

1. b3 a5 2. a3 a4 3. b4 e5 4. Bb2 d6 5. g3 Nf6 6. Bg2 g6 7. c4 Bg7 8. Nc3 h5 9. h3 h4 10. g4 0-0 11. d3 Nc6 12. e4 Nd4 13. Nf3 Nh7 14. Nxa4 f5 15. gxf5 gxf5 16. Nc3 c6 17. Nxd4 exd4 18. Ne2 c5 19. Qd2 Qf6 20. exf5 Bxf5 21. Bxb7 Rae8 22. 0-0-0 Bh6 23. f4 Re3 24. Bd5+ Kh8 25. Qxe3 1-0

[Event "Titled Tuesday intern op 30th Jul Late"]
[Site "Chess.com INT"]
[Date "2024.07.30"]
[Round "4"]
[White "Hoffmann, Asa"]
[Black "Jimenez Almeida, Luis David"]
[Result "1/2-1/2"]
[WhiteElo "2185"]
[BlackElo "2206"]
[PlyCount "105"]
[EventDate "2024.07.30"]
[EventType "swiss (blitz)"]
[EventRounds "11"]
[EventCountry "USA"]
[SourceTitle "EXT 2025"]
[Source "ChessBase"]
[SourceDate "2024.10.14"]
[SourceVersion "1"]
[SourceVersionDate "2024.10.14"]
[SourceQuality "1"]

1. d4 g6 2. e4 Bg7 3. Be3 c5 4. c3 Qb6 5. Qd2 d6 6. Na3 Nf6 7. Nc4 Qc7 8. f3 b5 9. Na3 a6 10. Bd3 0-0 11. Bh6 b4 12. Nc2 bxc3 13. bxc3 cxd4 14. cxd4 Nc6 15. Bxg7 Kxg7 16. Ne2 Bd7 17. 0-0 Rfc8 18. Rfc1 Qa7 19. Qe3 Rab8 20. Rab1 Rxb1 21. Rxb1 Na5 22. d5 Rc5 23. Ncd4 h5 24. h4 Qc7 25. Bxa6 Nc4 26. Bxc4 Rxc4 27. Rc1 Rxc1+ 28. Qxc1 Qa7 29. Kh2 Qxa2 30. Qe3 Ba4 31. Nc3 Qa3 32. Qd2 Bd7 33. Nc6 Bxc6 34. dxc6 Qc5 35. Nd5 Qxc6 36. Nxe7 Qc5 37. Nf5+ gxf5 38. Qg5+ Kf8 39. Qxf6 fxe4 40. fxe4 Qe5+ 41. Qxe5 dxe5 42. g4 Kg7 43. Kg3 Kg6 44. g5 f6 45. gxf6 Kxf6 46. Kf3 Ke6 47. Ke3 Kd6 48. Kd3 Kc5 49. Kc3 Kb5 50. Kb3 Kc5 51. Kc3 Kb5 52. Kb3 Kc5 53. Kc3 1/2-1/2

[Event "Titled Tuesday intern op 30th Jul Early"]
[Site "Chess.com INT"]
[Date "2024.07.30"]
[Round "1"]
[White "Jimenez Almeida, Luis David"]
[Black "Galchenko, Matvey"]
[Result "0-1"]
[WhiteElo "2206"]
[BlackElo "2438"]
[PlyCount "90"]
[EventDate "2024.07.30"]
[EventType "swiss (blitz)"]
[EventRounds "11"]
[EventCountry "USA"]
[SourceTitle "EXT 2025"]
[Source "ChessBase"]
[SourceDate "2024.10.14"]
[SourceVersion "1"]
[SourceVersionDate "2024.10.14"]
[SourceQuality "1"]

1. e4 e6 2. d4 d5 3. e5 c5 4. c3 Qb6 5. Nf3 Nc6 6. a3 Nh6 7. b4 cxd4 8. cxd4 Nf5 9. Be3 f6 10. exf6 gxf6 11. Bd3 Nxe3 12. fxe3 Bh6 13. Qe2 Bd7 14. 0-0 0-0-0 15. Nc3 Ne7 16. b5 Kb8 17. Na4 Qd6 18. Nc5 Bc8 19. Nd2 e5 20. Kh1 Rhg8 21. a4 e4 22. Bxe4 dxe4 23. Ndxe4 Qc7 24. Rxf6 Ng6 25. a5 Qe7 26. Qf2 Rgf8 27. b6 a6 28. Qg3+ Ka8 29. Raf1 Rxf6 30. Rxf6 Bg7 31. Rf1 Rf8 32. Rc1 Bh6 33. h3 Bf5 34. Nd6 Bf4 35. Nxf5 Bxg3 36. Nxe7 Nxe7 37. Nd7 Rd8 38. Nf6 h6 39. Ne4 Bb8 40. g4 Nd5 41. Re1 Re8 42. Nc5 Nxe3 43. Kg1 Bg3 44. Re2 Rf8 45. Nd3 Rf1# 0-1

[Event "Titled Tuesday intern op 23rd Jul Early"]
[Site "Chess.com INT"]
[Date "2024.07.23"]
[Round "1"]
[White "Jimenez Almeida, Luis David"]
[Black "Bok, Benjamin"]
[Result "1/2-1/2"]
[WhiteElo "2206"]
[BlackElo "2587"]
[PlyCount "129"]
[EventDate "2024.07.23"]
[EventType "swiss (blitz)"]
[EventRounds "11"]
[EventCountry "USA"]
[SourceTitle "EXT 2025"]
[Source "ChessBase"]
[SourceDate "2024.10.14"]
[SourceVersion "1"]
[SourceVersionDate "2024.10.14"]
[SourceQuality "1"]

1. e4 c5 2. Nc3 d6 3. g3 g6 4. Bg2 Bg7 5. d3 Nc6 6. Be3 Rb8 7. a4 e6 8. Qd2 Nd4 9. Nge2 Ne7 10. 0-0 0-0 11. Nd1 Nec6 12. Nc1 e5 13. c3 Ne6 14. Bh6 Bxh6 15. Qxh6 Qg5 16. Qxg5 Nxg5 17. f4 Ne6 18. Ne3 f6 19. Nd5 Kg7 20. Ne2 Rf7 21. h3 Nc7 22. Ne3 Bd7 23. Kh2 Rd8 24. g4 Bc8 25. Kg3 b6 26. h4 Ba6 27. Rad1 Rdf8 28. h5 Ne7 29. Nc4 Rd8 30. g5 exf4+ 31. Nxf4 fxg5 32. Nh3 h6 33. Rxf7+ Kxf7 34. e5 dxe5 35. Nxe5+ Kf6 36. Ng4+ Kg7 37. hxg6 Rxd3+ 38. Rxd3 Bxd3 39. Ne5 Bc2 40. a5 bxa5 41. Nf2 Bxg6 42. Be4 Bxe4 43. Nxe4 Ne6 44. Kg4 a4 45. Nd7 c4 46. Nd6 Nc5 47. Nxc5 Nd5 48. Nxc4 Kf6 49. Ne4+ Kg6 50. Ne5+ Kg7 51. Nc5 a3 52. bxa3 Nxc3 53. a4 Kf6 54. Nc6 a5 55. Nxa5 Kg6 56. Nc6 h5+ 57. Kg3 h4+ 58. Kg4 Nxa4 59. Nxa4 Kf6 60. Nd4 Ke5 61. Nf3+ Kd5 62. Nc3+ Kc4 63. Ne4 h3 64. Kxh3 g4+ 65. Kxg4 1/2-1/2

[Event "Titled Tuesday intern op 16th Jul Late"]
[Site "Chess.com INT"]
[Date "2024.07.16"]
[Round "5"]
[White "Jimenez Almeida, Luis David"]
[Black "Asish, Panda"]
[Result "1-0"]
[WhiteElo "2206"]
[BlackElo "1911"]
[PlyCount "137"]
[EventDate "2024.07.16"]
[EventType "swiss (blitz)"]
[EventRounds "11"]
[EventCountry "USA"]
[SourceTitle "EXT 2025"]
[Source "ChessBase"]
[SourceDate "2024.10.14"]
[SourceVersion "1"]
[SourceVersionDate "2024.10.14"]
[SourceQuality "1"]

1. e4 e6 2. d4 d5 3. e5 c5 4. c3 Nc6 5. Nf3 Qb6 6. a3 cxd4 7. cxd4 Nge7 8. b4 Nf5 9. Be3 Bd7 10. Nc3 Be7 11. Na4 Qd8 12. Bd3 Nxe3 13. fxe3 0-0 14. Nc5 Rb8 15. 0-0 f6 16. exf6 Bxf6 17. Rc1 Qe7 18. Qc2 h6 19. Bh7+ Kh8 20. Kh1 Be8 21. Bg6 Rc8 22. Bxe8 Rcxe8 23. Nxb7 Rc8 24. Nc5 e5 25. dxe5 Nxe5 26. Nd4 Nc4 27. Nf5 Qe5 28. Nd7 Qe6 29. Nxf8 Rxf8 30. Rce1 Nxa3 31. Qc5 Re8 32. e4 dxe4 33. Nd6 Be7 34. Rxe4 Qxe4 35. Nxe4 Bxc5 36. Nxc5 Rb8 37. h3 Rxb4 38. Ra1 Nb5 39. Ra5 Rb2 40. Nd3 Rb1+ 41. Kh2 Kh7 42. Nc5 Rb2 43. Nd3 Rd2 44. Rxb5 Rxd3 45. Ra5 Rd7 46. Ra6 Kg8 47. Kg3 Kf7 48. Kf4 Ke8 49. Ke5 Kd8 50. g4 Kc8 51. h4 Kb7 52. Ra1 a6 53. g5 hxg5 54. hxg5 Rc7 55. Kd6 Rc2 56. Rb1+ Ka7 57. Re1 Rg2 58. Re7+ Kb6 59. Rxg7 a5 60. Rg8 a4 61. g6 a3 62. g7 Kb7 63. Re8 Rxg7 64. Re3 Rg6+ 65. Kc5 a2 66. Re7+ Kb8 67. Re1 Ra6 68. Ra1 Kb7 69. Kb4 1-0

[Event "Titled Tuesday intern op 18th Jun Early"]
[Site "Chess.com INT"]
[Date "2024.06.18"]
[Round "1"]
[White "Jimenez Almeida, Luis David"]
[Black "Ibrahimli, Murad Sultanali"]
[Result "0-1"]
[WhiteElo "2206"]
[BlackElo "2400"]
[PlyCount "98"]
[EventDate "2024.06.18"]
[EventType "swiss (blitz)"]
[EventRounds "11"]
[EventCountry "USA"]
[SourceTitle "EXT 2025"]
[Source "ChessBase"]
[SourceDate "2024.10.14"]
[SourceVersion "1"]
[SourceVersionDate "2024.10.14"]
[SourceQuality "1"]

1. e4 c6 2. Nc3 d5 3. Qf3 d4 4. Bc4 Nf6 5. Nce2 Qd6 6. d3 Nbd7 7. Bb3 a5 8. a3 Nc5 9. Ba2 Bg4 10. Qg3 Qxg3 11. hxg3 e5 12. f3 Be6 13. Bxe6 Nxe6 14. Nh3 Bd6 15. Ng5 Nxg5 16. Bxg5 Nd7 17. g4 a4 18. Ng3 f6 19. Bd2 g6 20. g5 0-0 21. gxf6 Rxf6 22. Kf2 b5 23. Rh4 c5 24. Rah1 Rf7 25. Ne2 c4 26. Ra1 cxd3 27. cxd3 Rc8 28. Ke1 Bc5 29. Rc1 Rff8 30. f4 Be7 31. Rh1 Rxc1+ 32. Bxc1 Nc5 33. Rh3 exf4 34. Bxf4 g5 35. Be5 g4 36. Rh5 Nxd3+ 37. Kd2 Nxb2 38. Bxd4 Nc4+ 39. Kd3 Nxa3 40. Ng3 Rd8 41. Nf5 Bf6 42. e5 Bh8 43. Ke4 Nc4 44. Nh6+ Kg7 45. Nxg4 Kg6 46. Rh6+ Kg5 47. Rxh7 Kxg4 48. Bf2 Bxe5 49. Bh4 Rd4# 0-1

[Event "Titled Tuesday intern op 21st May Late"]
[Site "Chess.com INT"]
[Date "2024.05.21"]
[Round "4"]
[White "Fiorito, Joaquin"]
[Black "Jimenez Almeida, Luis David"]
[Result "1-0"]
[WhiteElo "2399"]
[BlackElo "2206"]
[PlyCount "41"]
[EventDate "2024.05.21"]
[EventType "swiss (blitz)"]
[EventRounds "11"]
[EventCountry "USA"]
[SourceTitle "CBM 220 Extra"]
[Source "ChessBase"]
[SourceDate "2024.07.31"]
[SourceVersion "1"]
[SourceVersionDate "2024.07.31"]
[SourceQuality "1"]

1. d4 g6 2. e4 Bg7 3. Nc3 d6 4. Be3 a6 5. Qd2 b5 6. Nf3 Bb7 7. a3 h6 8. Bd3 e6 9. h4 Ne7 10. Ne2 Nd7 11. Ng3 Nb6 12. c3 Qd7 13. Qe2 0-0 14. h5 g5 15. Nxg5 hxg5 16. Bxg5 e5 17. h6 Bh8 18. h7+ Kg7 19. Qh5 f6 20. Bh6+ Kxh7 21. Bxf8+ 1-0

[Event "Titled Tuesday intern op 21st May Late"]
[Site "Chess.com INT"]
[Date "2024.05.21"]
[Round "2"]
[White "Jimenez Almeida, Luis David"]
[Black "Omariev, Maksim"]
[Result "1-0"]
[WhiteElo "2206"]
[BlackElo "2304"]
[PlyCount "55"]
[EventDate "2024.05.21"]
[EventType "swiss (blitz)"]
[EventRounds "11"]
[EventCountry "USA"]
[SourceTitle "CBM 220 Extra"]
[Source "ChessBase"]
[SourceDate "2024.07.31"]
[SourceVersion "1"]
[SourceVersionDate "2024.07.31"]
[SourceQuality "1"]

1. e4 c5 2. Nc3 d6 3. g3 Nc6 4. Bg2 g6 5. d3 Bg7 6. Be3 e5 7. Qd2 Be6 8. Nge2 Qd7 9. h3 h5 10. f4 Nge7 11. Nd5 exf4 12. Bxf4 Bxb2 13. Rb1 Bg7 14. 0-0 Bxd5 15. exd5 Nd4 16. Nc3 0-0 17. Kh2 Nef5 18. Ne4 b6 19. g4 hxg4 20. hxg4 Nh4 21. Kg3 Nxg2 22. Qxg2 f5 23. gxf5 Nxf5+ 24. Kh2 Nh4 25. Qg3 Rxf4 26. Rxf4 Nf5 27. Qxg6 Ne7 28. Nf6+ 1-0

[Event "Titled Tuesday intern op 21st May Late"]
[Site "Chess.com INT"]
[Date "2024.05.21"]
[Round "3"]
[White "Jimenez Almeida, Luis David"]
[Black "Tarnowska, Aleksandra"]
[Result "1-0"]
[WhiteElo "2206"]
[BlackElo "1876"]
[PlyCount "91"]
[EventDate "2024.05.21"]
[EventType "swiss (blitz)"]
[EventRounds "11"]
[EventCountry "USA"]
[SourceTitle "CBM 220 Extra"]
[Source "ChessBase"]
[SourceDate "2024.07.31"]
[SourceVersion "1"]
[SourceVersionDate "2024.07.31"]
[SourceQuality "1"]

1. e4 c5 2. Nc3 e6 3. g3 a6 4. Bg2 d6 5. Nge2 Nf6 6. 0-0 Be7 7. d4 cxd4 8. Nxd4 0-0 9. h3 Nbd7 10. Be3 Nc5 11. Qe2 e5 12. Nb3 Be6 13. Rfd1 Qc8 14. Kh2 b5 15. Nd5 Qb7 16. Na5 Qd7 17. Nxf6+ gxf6 18. Bxc5 Qc7 19. Bb4 Kh8 20. Rac1 f5 21. exf5 Bxf5 22. Bxa8 Rxa8 23. Qf3 Qc8 24. c4 e4 25. Qc3+ f6 26. cxb5 Qe6 27. b6 Bxh3 28. b7 Rb8 29. Qc8+ Rxc8 30. bxc8Q+ Qxc8 31. Rxc8+ Bxc8 32. Bxd6 Bd8 33. Bb4 Bb6 34. Rd6 Bxf2 35. Rxf6 e3 36. Bc3 Kg8 37. Nc4 Bg4 38. Ne5 Bd1 39. Nd3 e2 40. Nxf2 e1Q 41. Bxe1 Bh5 42. g4 a5 43. gxh5 a4 44. h6 a3 45. b3 Kh8 46. Rf8# 1-0

[Event "Titled Tuesday intern op 07th May Late"]
[Site "Chess.com INT"]
[Date "2024.05.07"]
[Round "1"]
[White "Sjugirov, Sanan"]
[Black "Jimenez Almeida, Luis David"]
[Result "1-0"]
[WhiteElo "2692"]
[BlackElo "2206"]
[PlyCount "119"]
[EventDate "2024.05.07"]
[EventType "swiss (blitz)"]
[EventRounds "11"]
[EventCountry "USA"]
[SourceTitle "EXT 2025"]
[Source "ChessBase"]
[SourceDate "2024.10.14"]
[SourceVersion "1"]
[SourceVersionDate "2024.10.14"]
[SourceQuality "1"]

1. e4 g6 2. d4 Bg7 3. Nf3 d6 4. Bc4 e6 5. Bb3 Ne7 6. c3 h6 7. Nbd2 0-0 8. Nf1 a6 9. Ng3 Nd7 10. 0-0 b6 11. Re1 Bb7 12. Be3 Kh7 13. Bc2 Rc8 14. h4 c5 15. h5 Qc7 16. Rc1 e5 17. d5 c4 18. Qd2 b5 19. Nh2 g5 20. Ng4 Nc5 21. Nf5 Nxf5 22. exf5 f6 23. f3 Rf7 24. Nf2 Bf8 25. Ne4 Nxe4 26. Bxe4 Be7 27. a4 Bd8 28. axb5 axb5 29. Ra1 Ra8 30. Qf2 Qb8 31. Ba7 Qc8 32. Ra3 Rd7 33. Rea1 Bc7 34. Kh2 Kg8 35. Kg3 Kf7 36. b3 Ke7 37. bxc4 bxc4 38. Ra4 Qe8 39. Kg4 Qf7 40. Qd2 Rdd8 41. Rxc4 Bb8 42. Rca4 Bc7 43. c4 Bc8 44. c5 Bd7 45. c6 Be8 46. Rh1 Kf8 47. Qa2 Rdc8 48. Kg3 Kg7 49. Be3 Bxc6 50. Rxa8 Rxa8 51. Qc4 Be8 52. Kf2 Ra4 53. Qc2 Qd7 54. Rc1 Ba5 55. Kg3 Bxh5 56. Qc6 Be8 57. Rb1 Qxc6 58. dxc6 Rc4 59. Rb7+ Kg8 60. Bd5+ 1-0

[Event "Titled Tuesday intern op 09th Apr Early"]
[Site "Chess.com INT"]
[Date "2024.04.09"]
[Round "7"]
[White "Belov, Alexei"]
[Black "Jimenez Almeida, Luis David"]
[Result "0-1"]
[WhiteElo "2421"]
[BlackElo "2200"]
[PlyCount "76"]
[EventDate "2024.04.09"]
[EventType "swiss (blitz)"]
[EventRounds "11"]
[EventCountry "USA"]
[SourceTitle "EXT 2025"]
[Source "ChessBase"]
[SourceDate "2024.10.14"]
[SourceVersion "1"]
[SourceVersionDate "2024.10.14"]
[SourceQuality "1"]

1. e4 g6 2. d4 Bg7 3. Nc3 d6 4. f4 a6 5. Nf3 b5 6. Bd3 Bb7 7. a4 b4 8. Ne2 e6 9. 0-0 Ne7 10. f5 c5 11. fxe6 fxe6 12. Ng5 Qd7 13. Rf7 Bh6 14. Rxh7 Rxh7 15. Nxh7 Bg7 16. Bh6 Nec6 17. dxc5 Bxb2 18. Qf1 Qxh7 19. Qf8+ Kd7 20. Qxd6+ Kc8 21. Bc4 Nd8 22. Rd1 Nbc6 23. Bf4 e5 24. Bg5 Qc7 25. Qf8 Nd4 26. Nxd4 Bxd4+ 27. Rxd4 exd4 28. Be6+ Kb8 29. Bxd8 Ka7 30. Bxc7 Rxf8 31. Bd5 Bxd5 32. exd5 d3 33. cxd3 Rf5 34. Bb6+ Kb7 35. d6 b3 36. d7 Rd5 37. d8Q Rxd8 38. Bxd8 b2 0-1